00286nam a2200121Ia 4500008004100000100002100041245004500062260001400107300000800121650001300129942000700142999001500149190216s9999||||xx |||||||||||||| ||und|| aAshok Kumar Kuba 0aHow To Conduct Enquiry Against Employees bLegal Pub a80p aCommerce cBK c4412d4412